000 00292nam a22001337a 4500
003 SGT
020 _a9789388756075
082 _a615.19
_bP19R
100 _aRASTOGI, SAMEER
245 _aPHARMACEUTICAL CHEMISTRY- II
260 _bR NARAIN PUBLISHER
_c2019
300 _a168
942 _2ddc
_cBK
999 _c18475
_d18475